Poverty and Water: (Record no. 5)
[ view plain ]
| 000 -LEADER | |
|---|---|
| fixed length control field | 00613nam a22002177a 4500 |
| 003 - CONTROL NUMBER IDENTIFIER | |
| control field | OSt |
| 005 - DATE AND TIME OF LATEST TRANSACTION | |
| control field | 20200121103948.0 |
| 008 - FIXED-LENGTH DATA ELEMENTS--GENERAL INFORMATION | |
| fixed length control field | 140626b xxu||||| |||| 00| 0 eng d |
| 020 ## - INTERNATIONAL STANDARD BOOK NUMBER | |
| International Standard Book Number | 978-1842779620 |
| 020 ## - INTERNATIONAL STANDARD BOOK NUMBER | |
| International Standard Book Number | 978184277962 |
| 040 ## - CATALOGING SOURCE | |
| Transcribing agency | 040a |
| 082 ## - DEWEY DECIMAL CLASSIFICATION NUMBER | |
| Edition number | 20 |
| Classification number | 362.5 |
| Item number | POV |
| 100 ## - MAIN ENTRY--PERSONAL NAME | |
| Personal name | Edited by Hemson,David.[et...al] |
| 9 (RLIN) | 13195 |
| 245 ## - TITLE STATEMENT | |
| Title | Poverty and Water: |
| Remainder of title | exploration of the reciprocal relationship |
| 260 ## - PUBLICATION, DISTRIBUTION, ETC. (IMPRINT) | |
| Place of publication, distribution, etc. | London : |
| Name of publisher, distributor, etc. | Zed books, |
| Date of publication, distribution, etc. | 2008 |
| 300 ## - PHYSICAL DESCRIPTION | |
| Extent | viii,210 p : |
| Other physical details | col.ill ; |
| Dimensions | 23 cm. |
| 504 ## - BIBLIOGRAPHY, ETC. NOTE | |
| Bibliography, etc | includes references and indexes |
| 650 ## - SUBJECT ADDED ENTRY--TOPICAL TERM | |
| Topical term or geographic name as entry element | Poverty |
| 9 (RLIN) | 8 |
| 650 ## - SUBJECT ADDED ENTRY--TOPICAL TERM | |
| Topical term or geographic name as entry element | Water |
| 9 (RLIN) | 9 |
| 942 ## - ADDED ENTRY ELEMENTS (KOHA) | |
| Source of classification or shelving scheme | Dewey Decimal Classification |
| Koha item type | Book Bank |
| Withdrawn status | Lost status | Source of classification or shelving scheme | Damaged status | Not for loan | Home library | Current library | Date acquired | Inventory number | Total Checkouts | Full call number | Barcode | Date last seen | Price effective from | Koha item type | Source of acquisition |
|---|---|---|---|---|---|---|---|---|---|---|---|---|---|---|---|
| Other/Generic Classification Scheme | MUST Main Library | MUST Main Library | 26/06/2014 | 09-31841 | 362.5 pov | 2014-0003 | 26/06/2014 | 26/06/2014 | Book Bank | ||||||
| Dewey Decimal Classification | MUST Main Library | MUST Main Library | 02/07/2024 | 2009/31840 | 362.5 POV | 2024-21667 | 02/07/2024 | 02/07/2024 | Book Bank | Donation | |||||
| Dewey Decimal Classification | MUST Main Library | MUST Main Library | 02/07/2024 | 2009/31238 | 362.5 POV 2008 | 2024-21668 | 02/07/2024 | 02/07/2024 | Open Shelf | Donation | |||||
| Dewey Decimal Classification | MUST Main Library | MUST Main Library | 10/07/2024 | 2009/31211 | 362.5 POV 2008 | 2024-21923 | 10/07/2024 | 10/07/2024 | Open Shelf | Donation |
